UBT Library

Mathematical Thinking and Quantitative Reasoning (Record no. 54215)

000 -LEADER
fixed length control field 00312nam a22001337a 4500
008 - FIXED-LENGTH DATA ELEMENTS--GENERAL INFORMATION
fixed length control field 190225b xxu||||| |||| 00| 0 eng d
020 ## - INTERNATIONAL STANDARD BOOK NUMBER
International Standard Book Number 0618777385
041 ## - LANGUAGE CODE
Language code of text/sound track or separate title eng
080 ## - UNIVERSAL DECIMAL CLASSIFICATION NUMBER
Universal Decimal Classification number 510
100 ## - Rafti
Rafti 36
101 ## - Shkurtesa
Shkurtesa MAT
245 ## - TITLE STATEMENT
Title Mathematical Thinking and Quantitative Reasoning
Statement of responsibility, etc Aufmann
942 ## - ADDED ENTRY ELEMENTS (KOHA)
Source of classification or shelving scheme
Item type Books
Holdings
Withdrawn status Lost status Source of classification or shelving scheme Damaged status Not for loan Collection code Permanent location Current location Shelving location Date acquired Total Checkouts Full call number Barcode Date last seen Price effective from Koha item type
          Koleksioni i përgjithshem UBT - Lipjan UBT - Lipjan Koleksioni i përgjithshem 02/25/2019   510 AUF 002-3022161 02/25/2019 02/25/2019 Books
UBT Library © 2015-2024. All rights reserved University Education for Business and Technology